歴代大河ドラマ - Statistics

General Stats
  • This quiz has been taken 9 times
  • The average score is 46 of 65
Answer Stats
放送時期 タイトル % Correct
2026年 豊臣兄弟!
100%
2024年 光る君へ
100%
2023年 どうする家康
100%
2021年 青天を衝け
100%
2020年 麒麟がくる
100%
2019年 いだてん ~東京オリムピック噺~
100%
2018年 西郷どん
100%
2017年 おんな城主直虎
100%
2016年 真田丸
100%
2014年 軍師官兵衛
100%
2013年 八重の桜
100%
2012年 平清盛
100%
2008年 篤姫
100%
2007年 風林火山
100%
2004年 新選組!
100%
1987年 独眼竜政宗
100%
2022年 鎌倉殿の13人
100%
2025年 べらぼう ~蔦重栄華乃夢噺~
75%
2015年 花燃ゆ
75%
2011年 江~姫たちの戦国~
75%
2010年 龍馬伝
75%
2009年 天地人
75%
2005年 義経
75%
2002年 利家とまつ~加賀百万石物語~
75%
2001年 北条時宗
75%
2000年 葵 徳川三代
75%
1996年 秀吉
75%
1988年 武田信玄
75%
1983年 徳川家康
75%
1981年 おんな太閤記
75%
1972年 新・平家物語
75%
1969年 天と地と
75%
1968年 竜馬がゆく
75%
1966年 源義経
75%
1965年 太閤記
75%
1964年 赤穂浪士
75%
1992年 信長 KING OF ZIPANGU
75%
2003年 武蔵 MUSASHI
75%
2006年 功名が辻
50%
1999年 元禄繚乱
50%
1998年 徳川慶喜
50%
1997年 毛利元就
50%
1995年 八代将軍 吉宗
50%
1994年4月~12月 花の乱
50%
1993年7月~1994年3月 炎立つ
50%
1993年1月~6月 琉球の風
50%
1991年 太平記
50%
1990年 翔ぶが如く
50%
1989年 春日局
50%
1986年 いのち
50%
1985年 春の波涛
50%
1984年 山河燃ゆ
50%
1982年 峠の群像
50%
1980年 獅子の時代
50%
1979年 草燃える
50%
1978年 黄金の日日
50%
1977年 花神
50%
1976年 風と雲と虹と
50%
1975年 元禄太平記
50%
1974年 勝海舟
50%
1973年 国盗り物語
50%
1971年 春の坂道
50%
1970年 樅ノ木は残った
50%
1967年 三姉妹
50%
1963年 花の生涯
50%
No matching quizzes found
Score Distribution
Percent of People with Each Score
Percentile by Number Answered
Your Score History
You have not taken this quiz